| 000 | 01198cam a2200373 a 4500 | ||
|---|---|---|---|
| 001 | 13773941 | ||
| 003 | OSt | ||
| 005 | 20140310184250.0 | ||
| 008 | 041105s2004 nyua c 000 1 eng d | ||
| 010 | _a 2004304141 | ||
| 020 | _a0439629055 (pbk.) | ||
| 035 | _a(OCoLC)ocm56498435 | ||
| 040 |
_aIArlh _cIArlh _dDLC |
||
| 042 |
_alcac _alccopycat |
||
| 050 | 0 | 0 |
_aPZ 7 _b.K29My 2004 |
| 100 | 1 |
_aBenton, Jim. _923269 |
|
| 245 | 1 | 0 |
_aMy pants are haunted / _cJamie Kelly. |
| 260 |
_aNew York : _bScholastic Inc., _c2004. |
||
| 300 |
_a127 p. : _bill. ; _c20 cm. |
||
| 490 | 1 |
_aDear dumb diary _v2 |
|
| 521 | 1 | _aG8 | |
| 526 | _c990 | ||
| 650 | 1 |
_aDiaries _vFiction. _928373 |
|
| 650 | 1 |
_aJeans (Clothing) _vFiction. _928374 |
|
| 650 | 1 |
_aMiddle schools _vFiction. _928375 |
|
| 650 | 1 |
_aSchools _vFiction. _928376 |
|
| 650 | 1 |
_aHumorous stories. _93831 |
|
| 800 | 1 |
_aBenton, Jim. _tDear dumb diary ; _v#2. _928377 |
|
| 856 | 4 | 2 |
_3Publisher description _uhttp://www.loc.gov/catdir/description/schol051/2004304141.html |
| 906 |
_a7 _bcbc _ccopycat _d3 _encip _f20 _gy-gencatlg |
||
| 942 |
_2lcc _cBK-SCHOLAS |
||
| 999 |
_c33357 _d33357 |
||